Statistiques concernant Devine le personnage harry potter #5

Cliquez ici pour prendre le quiz!

Statistiques générales

  • Ce quiz a été pris 238 fois
  • Le résultat moyen est 9 sur 10

Statistiques - réponses

HintIndiceRéponse% Correct
6Moldu, cousinDudley Dursley
96%
7Fondateur, épéeGodric Gryffondor
96%
8HypogriffeBuck
94%
1Roux, oreilleGeorge Weasley
94%
10SerpentNagini
93%
9Quidditch, gardienOlivier Dubois
85%
3Chat, cracmolArgus Rusard
83%
5Géant, demi frèreGraup
79%
4Directrice, grandeOlympe Maxime
76%
2Petit, sortilègeFilius Flitwick
72%

Distribution des résultats

Percentile par nombre de réponses

% des personnes avec chaque résultat

Votre développement - résultats

Vous n’avez pas pris ce quiz